Avaliação de desempenho para gestores (Registo nº 200692)

Detalhes MARC
000 -Etiqueta do registo
Valores 00623nam 22001933 4500
010 ## - Número ISBN
ISBN 972-8298-39-0
021 ## - Número do Depósito Legal
Código do país Portugal
Número 101387/96
100 ## - Dados gerais de processamento
Dados gerais 20260223d u||y0pory50 ba
200 ## - Titulo e menção de responsabilidade
Título próprio Avaliação de desempenho para gestores
Primeira menção de responsabilidade Fernando Neves de Almeida
210 ## - Publicação
Local de publicação Lisboa
Nome do editor McGraw-Hill
Data de publicação D.L. 1996
215 ## - Descrição física 
Paginação / Volumes [10], 122 p.
Outras indicações físicas brochado
Dimensões 24 cm
606 ## - Nome comum usado como assunto
ID Autoridade 11922
Palavra de ordem Relações humanas no seio da empresa. Gestão e administração de recursos humanos
675 ## - CDU
Notação 658.3
Edição PT
Língua por
700 ## - Autor principal (pessoa individual)
ID Autoridade 13488
Apelido Almeida
Nome Fernando Neves de
801 ## - Fonte de origem
País PT
Agência BMMN
Regras de catalogação RPC
830 ## - Notas gerais do catalogador
Criado por Vanda
990 ## - Elementos KOHA
Tipo de documento Livro
Exemplares
Situação do levantamento Biblioteca de origem Código de barras Cota Permissão de empréstimo Tipo de documento Forma de aquisição
  Biblioteca Municipal de Montemor-o-Novo 29922 658.3 ALM|DEP   Livro Compra

Powered by Koha